000 00201 a2200097 4500
020 _a9780399546303
041 _aeng
100 _aDe La Peà¨,matt
245 _alast Stop on Market Streeet
942 _cBK
999 _c31855
_d31853